000 00389nam a2200157Ia 4500
008 230711s9999||||xx |||||||||||||| ||und||
041 _aENG
082 _a621.3
_bSU-E
100 _aSurjit,Singh
245 0 _aElectrical Engineering drawing-II
250 _a2nd Ed.
260 _c2010
_aNew Delhi
_bS.K Kataria & Sons
300 _a274p.
650 _aElectrical Engineering
942 _cBK
999 _c7712
_d7712